007130000a220013300045001000021000002450054000213000042000755000013001175200289001307730045004199420008004649520090004729990017005621 aAguirre, Alberto10aPreston hace historia: la guerra civil sigue viva aNúmero 32 (Mayo, 2008), Página 20 aHistoria aDesde que hace tres meses se aprobó en España la Ley de la Memoria Histórica, que honra a las víctimas del franquismo, la vieja derecha no ha hecho más que protestar. Uno de sus adversarios es el gran historiador británico Paul Preston. Retrato de un intelectual valiente.0 tArcadia / Andrés Felipe Solano, Editor cANA 001040708HEMaFUSBCbFUSBCd2016-01-26l0o r2016-01-26 00:00:00w2016-01-26yANA c62509d62509